000 00468nam a22001817a 4500
005 20180205125447.0
008 160429b xxu||||| |||| 00| 0 eng d
020 _a81-7515269-9
041 _aeng
082 _b00841
_a005.117
100 _aLafore, Robert
_9238
245 _aObject-Oriented Programming with C++
250 _a3rd ed.
260 _aNew Delhi
_bGalgotia Publ. Pvt. Ltd.
_c2009
300 _a925
650 _aInformation Technology
_9137
942 _cBK
999 _c275
_d275